000 00899nam a2200289 i 4500
001 185572
003 SpMaBN
005 20230906222452.0
008 160718s1984 sp fo |||| | spa d
020 _a84-7178-743-1
080 _a008(430)"1918/33"
080 _a943.0"1918/33"
100 1 _aGay, Peter.
_956110
245 1 3 _aLa cultura de Weimar /
_cPeter Gay ; [traducción, Nora Catelli].
250 _a1ª ed.
260 _aBarcelona :
_bArgos Vergara,
_c1984.
300 _a219 p., [16] p. de lám. retr. ;
_c22 cm.
490 1 _aEn línea
500 _aÍndice.
504 _aBibliografía: p. 185-211.
651 7 _aAlemania-
_xVida intelectual-
_yS.XX.
_97674
651 7 _aAlemania-
_xHistoria-
_y1918-1933.
_97661
700 1 _aCatelli, Nora.
_937055
830 0 _aEn línea
_9185682
852 _aES-MaACL
_jL-30444
_z. - Donat. Miguel A. Velasco
999 _c185572
_d185572